Người chỉ huy biệt động Sài Gòn–Gia Định tài ba
Saved in:
| Main Author: | |
|---|---|
| Format: | Book |
| Language: | Undetermined |
| Subjects: | |
| Online Access: | http://lrc.tdmu.edu.vn/opac/search/detail.asp?aID=2&ID=22892 |
| Tags: |
Add Tag
No Tags, Be the first to tag this record!
|
| Institutions: | Trung tâm Học liệu Trường Đại học Thủ Dầu Một |
|---|
| LEADER | 00754nam a2200145Ia 4500 | ||
|---|---|---|---|
| 001 | TDMU_22892 | ||
| 008 | 210410s9999 xx 000 0 und d | ||
| 082 | |a 959.7 | ||
| 100 | |a Đoàn, Hoài Trung | ||
| 245 | 0 | |a Người chỉ huy biệt động Sài Gòn–Gia Định tài ba | |
| 245 | 0 | |c Đoàn Hoài Trung | |
| 300 | |a 3tr | ||
| 650 | |a Kháng chiến chống Mỹ; Tổng tiến công và nổi dậy Xuân Mậu Thân 1968; Chỉ huy trưởng biệt động Sài Gòn-Gia Định ; Đại tá Nguyễn Đức Hùng (biệt danh Ba Tam); Lịch sử | ||
| 856 | |u http://lrc.tdmu.edu.vn/opac/search/detail.asp?aID=2&ID=22892 | ||
| 980 | |a Trung tâm Học liệu Trường Đại học Thủ Dầu Một | ||